100 meilleurs joueurs de FIFA 13 - Statistiques

Statistiques générales
  • Ce quiz a été pris 81 fois
    80 depuis la dernière actualisation
  • Le résultat moyen est 75 sur 100
Statistiques - réponses
Poste Club Nationalité Note Réponse % Correct
AG Real Madrid Portugal 92 Cristiano Ronaldo
100%
AT FC Barcelone Argentine 94 Lionel Messi
100%
AG FC Barcelone Espagne 90 Andres Iniesta
97%
MG Bayern Munich France 90 Franck Ribery
97%
MC FC Barcelone Espagne 90 Xavi
97%
G Juventus Italie 87 Gianluigi Buffon
96%
G Real Madrid Espagne 89 Iker Casillas
96%
BU Atletico Madrid Colombie 89 Radamel Falcao
96%
BU PSG Suède 88 Zlatan Ibrahimovic
96%
MD Bayern Munich Pays Bas 88 Arjen Robben
94%
MOC Manchester City Espagne 88 David Silva
94%
DC PSG Brésil 87 Thiago Silva
94%
DC FC Barcelone Espagne 86 Carles Puyol
93%
BU Real Madrid France 87 Karim Benzema
93%
BU Liverpool Uruguay 86 Luis Suárez
93%
AG Santos Brésil 85 Neymar Jr
93%
BU Manchester United Pays Bas 88 Robin van Persie
93%
MC Juventus Italie 87 Andrea Pirlo
91%
AT Manchester United Angleterre 89 Wayne Rooney
91%
MOC Real Madrid Croatie 86 Luka Modric
90%
DC Manchester United Serbe 89 Nemanja Vidic
90%
DD Bayern Munich Allemagne 87 Philipp Lahm
90%
DC Real Madrid Espagne 87 Sergio Ramos
90%
AG Chelsea Belgique 87 Eden Hazard
88%
BU Naples Uruguay 86 Edinson Cavani
88%
MG Tottenham Pays de Galles 85 Gareth Bale
88%
G Tottenham France 86 Hugo Lloris
88%
G Bayern Munich Allemagne 87 Manuel Neuer
88%
BU Manchester City Argentine 87 Sergio Aguero
88%
MDC FC Barcelone Espagne 85 Sergio Busquets
88%
MC Manchester City Côte d'Ivoire 86 Yaya Touré
88%
MD Real Madrid Argentine 86 Ángel Di María
87%
BU Real Madrid Argentine 85 Gonzalo Higuaín
87%
MOC Real Madrid Allemagne 87 Mesut Özil
87%
DC FC Barcelone Espagne 86 Piqué
87%
AG FC Barcelone Espagne 85 David Villa
85%
AG PSG Argentine 86 Ezequiel Lavezzi
85%
MOC Bayern Munich Allemagne 84 Thomas Müller
85%
DC Real Madrid Portugal 85 Pepe
84%
G FC Barcelone Espagne 85 Victor Valdés
84%
DD FC Barcelone Brésil 84 Dani Alves
82%
DC FC Barcelone Argentine 86 Javier Mascherano
82%
G Chelsea République Tchèque 84 Petr Cech
82%
BU Anji Makhatchkala Cameroun 85 Samuel Eto'o
82%
MOC Inter Milan Pays Bas 87 Wesley Sneijder
82%
MC Real Madrid Espagne 87 Xabi Alonso
81%
AD FC Barcelone Chili 85 Alexis Sánchez
79%
DC Chelsea Angleterre 84 John Terry
79%
BU Chelsea Espagne 85 Fernando Torres
78%
MOC Naples Slovaquie 85 Marek Hamšik
78%
DC Borussia Dortmund Allemagne 85 Mats Hummels
78%
MOC Liverpool Angleterre 84 Steven Gerrard
78%
DC Manchester City Belgique 85 Vincent Kompany
78%
MDC AS Rome Italie 86 Daniele De Rossi
76%
DC Juventus Italie 84 Giorgio Chiellini
76%
AG FC Barcelone Espagne 84 Pedro
76%
MDC Juventus Chili 84 Arturo Vidal
75%
G Marseille France 84 Steve Mandanda
75%
DG Chelsea Angleterre 84 Ashley Cole
73%
BU Manchester City Argentine 86 Carlos Tévez
73%
MC FC Barcelone Espagne 87 Cesc Fàbregas
73%
BU Manchester City Italie 84 Mario Balotelli
73%
MG Manchester United Portugal 85 Nani
73%
DG Manchester United France 83 Patrice Evra
73%
MC Bayern Munich Allemagne 86 Bastian Schweinsteiger
72%
AT Borussia Dortmund Allemagne 84 Marco Reus
70%
BU Bayern Munich Allemagne 87 Mario Gomez
70%
BU Lazio Rome Allemagne 83 Miroslav Klose
70%
MOC Atletico Madrid Turquie 84 Arda Turan
69%
MOC Chelsea Angleterre 83 Frank Lampard
69%
G Manchester City Angleterre 84 Joe Hart
69%
MOC Manchester City France 85 Samir Nasri
69%
MOC Chelsea Espagne 86 Juan Mata
67%
DD Arsenal France 83 Bacary Sagna
64%
BU Schalke 04 Pays Bas 85 Klaas-Jan Huntelaar
64%
BU Udinese Italie 85 Antonio Di Natale
63%
MD FC Séville Espagne 85 Jesús Navas
63%
MOC Real Madrid Brésil 84 Kaka
61%
DC Manchester United Angleterre 83 Rio Ferdinand
61%
MC Juventus Italie 84 Claudio Marchisio
60%
MOC Milan AC Ghana 85 Kevin-Prince Boateng
60%
BU Lyon Argentine 83 Lisandro López
60%
AG PSG Brésil 84 Nene
60%
DC Juventus Italie 84 Andrea Barzagli
58%
AD FC Porto Brésil 84 Hulk
58%
MOC Bayern Munich Allemagne 84 Toni Kroos
58%
DC Valence France 84 Adil Rami
57%
BU Inter Milan Argentine 84 Diego Milito
57%
MOC Borussia Dortmund Allemagne 84 Mario Götze
57%
DD Manchester City Brésil 84 Douglas Maicon
49%
G CSKA Moscou Russie 84 Igor Akinfeev
49%
MOC Arsenal Espagne 84 Santi Cazorla
46%
MC FC Porto Portugal 84 João Moutinho
39%
MOC Hambourg SV Pays Bas 85 Rafael van der Vaart
39%
MOC Atlético Mineiro Brésil 83 Ronaldinho
39%
DC Inter Milan Argentine 84 Walter Samuel
37%
MD Schalke 04 Pérou 84 Jefferson Farfán
34%
BU Valence Espagne 84 Soldado
25%
AT Inter Milan Italie 85 Antonio Cassano
16%
MOC Benfica Argentine 83 Pablo Aimar
7%
Aucun quiz correspondant
Distribution des résultats
% des personnes avec chaque résultat
Percentile par nombre de réponses
Votre historique - résultats
Vous n’avez pas pris ce quiz depuis la dernière actualisation